000 00810nam a22003010a 4500
001 PT59196
003 AR-LpoUNG
005 20260120152050.0
008 201001s2017||||ag |||||||||||||||||spa d
020 _a9789876302746
_c$4
040 _aAR-LpoUNG
_bspa
_eaacr
041 0 _aspa
044 _aag
082 0 _aA863 8gal
100 1 _aQuiroga, Horacio
245 1 3 _aLa gallina degollada
250 _a1ra. ed.
260 _aLos Polvorines :
_bUniversidad Nacional de General Sarmiento,
_c2017.
300 _a21 p. :
_btbls., gráfs.
490 0 _aContra Tiempos
650 4 _aARGENTINA
650 4 _aCUENTOS
650 4 _aLITERATURA
653 0 _aLITERATURA ARGENTINA
856 4 0 _uhttps://repositorio.ungs.edu.ar/handle/UNGS/807
_yTexto completo
905 _a59196
942 _cLIB
_2ddc
999 _c51507
_d51507